000 00558nam a22001817a 4500
003 PILC
005 20151021083242.0
008 131001t xxu||||| |||| 00| 0 eng d
020 _a0600352473
050 _aPZ 7
_b.H223 1977
082 _aGS 808.83
_bH18 1977
245 _aExciting stories from the past
_bHamlyn story library
_cselected and edited by Leonard Matthews.
260 _aLondon :
_bThe Hamlyn Pub. Group,
_c1977
300 _a188 p. :
_bill. ;
_c23 cm.
650 _aStories
_xJuvenile fiction.
_922236
942 _2lcc
_cAB
999 _c12409
_d12409